|
|
|
|
| LEADER |
00000nam0a2200000 4500 |
| 001 |
105682 |
| 005 |
20231031114545.0 |
| 035 |
|
|
|a (RuTPU)RU\TPU\book\114034
|
| 090 |
|
|
|a 105682
|
| 100 |
|
|
|a 20061120d1988 k y0rusy5003 ca
|
| 101 |
0 |
|
|a rus
|
| 102 |
|
|
|a RU
|
| 105 |
|
|
|a a z 001zy
|
| 200 |
1 |
|
|a Голография: теоретические и прикладные вопросы
|e сборник научных трудов
|f Академия наук СССР (АН СССР); Физико-технический институт им. А. Ф. Иоффе
|
| 210 |
|
|
|a Ленинград
|c ФТИ
|d 1988
|
| 215 |
|
|
|a 223 с.
|c ил.
|d 22 см
|
| 320 |
|
|
|a Библиогр. в конце докл.
|
| 610 |
1 |
|
|a голография
|
| 610 |
1 |
|
|a физические основы
|
| 610 |
1 |
|
|a голографическая интерферометрия
|
| 610 |
1 |
|
|a спекл-эффект
|
| 610 |
1 |
|
|a голограммы
|
| 610 |
1 |
|
|a запись
|
| 610 |
1 |
|
|a регистрирующие среды
|
| 610 |
1 |
|
|a исследование
|
| 675 |
|
|
|a 778.38
|z rus
|v 3
|
| 712 |
0 |
2 |
|a Академия наук СССР (АН СССР)
|b Физико-технический институт им. А. Ф. Иоффе (ФТИ)
|c (Ленинград)
|2 stltpush
|3 (RuTPU)RU\TPU\col\12056
|
| 801 |
|
0 |
|a RU
|b RuMRKP
|c 19960705
|g psbo
|
| 801 |
|
1 |
|a RU
|b 63413507
|c 20061120
|g PSBO
|
| 801 |
|
2 |
|a RU
|b 63413507
|c 20080219
|g PSBO
|
| 942 |
|
|
|c BK
|